Technology and international affairs

Đã lưu trong:
書目詳細資料
主要作者: Szyliowicz, Joseph S.
格式: 圖書
語言:Undetermined
出版: London Praeger 1981
主題:
標簽: 添加標簽
沒有標簽, 成為第一個標記此記錄!
Thư viện lưu trữ: Trung tâm Học liệu Trường Đại học Cần Thơ
LEADER 00500nam a2200181Ia 4500
001 CTU_106899
008 210402s9999 xx 000 0 und d
082 |a 303.483 
082 |b S999 
100 |a Szyliowicz, Joseph S. 
245 0 |a Technology and international affairs 
245 0 |c Joseph S. Szyliowicz 
260 |a London 
260 |b Praeger 
260 |c 1981 
650 |a Technology and international affairs 
904 |i Truc 
980 |a Trung tâm Học liệu Trường Đại học Cần Thơ